Normal view
MARC view
Entry Personal Name
001 - CONTROL NUMBER
- control field: 43064
003 - CONTROL NUMBER IDENTIFIER
- control field: dpl
005 - DATE AND TIME OF LATEST TRANSACTION
- control field: 20120227125012.0
008 - FIXED-LENGTH DATA ELEMENTS
- fixed length control field: 120227|||a|||||| | ||| d
040 ## - CATALOGING SOURCE
- Original cataloging agency: dpl
- Transcribing agency: dpl
100 ## - HEADING--PERSONAL NAME
- Personal name: Young, Arthur P.
670 ## - SOURCE DATA FOUND
- Source citation: Work cat.: (dpl): Hernon, Peter 43062, The next library leadership :, 2003
670 ## - SOURCE DATA FOUND
- Source citation: Work cat.: (dpl): Hernon, Peter 43062, The next library leadership :, 2003
